Lettere alla Iena /

में बचाया:
ग्रंथसूची विवरण
मुख्य लेखक: Canino, Fabio (लेखक)
स्वरूप: पुस्तक
भाषा:इतालवी
प्रकाशित: Roma : Edizioni Libreria Croce, stampa 2001
श्रृंखला:OffSide
टैग: टैग जोड़ें
कोई टैग नहीं, इस रिकॉर्ड को टैग करने वाले पहले व्यक्ति बनें!

MARC

LEADER 00000nam a22000007i 4500
001 IT\ICCU\CFI\0534011
003 ItRI
005 20240305170245.0
008 020628s2001 it |||||| ||||| |||||c
020 |a 888732364X 
040 |b ita  |c GP 
041 7 |a ita  |2 ISO-639-2 
100 1 |a Canino, Fabio  |0 IT\ICCU\CFIV\196382  |4 aut 
245 1 0 |a Lettere alla Iena /  |c Fabio Canino. 
260 |a Roma :  |b Edizioni Libreria Croce,  |c stampa 2001 
300 |a 118 p. ;  |c 21 cm. 
830 0 |a OffSide  |0 IT\ICCU\RMS\0086921 
942 |2 ddc  |c BK 
952 |0 0  |1 0  |2 ddc  |4 0  |6 305_906640000000000_CAN  |7 1  |9 827  |a RM  |b RM  |d 2024-03-05  |l 0  |o 305.90664 CAN  |p 356  |r 2024-03-05 17:03:13  |w 2024-03-05  |y BK 
981 1 |6 z01  |a i   |b xxxe  
982 1 |6 z01  |a n 
999 |c 785  |d 785